Taylor Swift 45 - Statistics

General Stats
  • This quiz has been taken 13 times
  • The average score is 297 of 370
Answer Stats
Answer % Correct
a
100%
an
100%
and
100%
had
100%
have
100%
I
100%
in
100%
it
100%
know
100%
the
100%
we
100%
you
100%
day
90%
for
90%
he
90%
if
90%
is
90%
my
90%
on
90%
say
90%
should
90%
to
90%
was
90%
with
90%
your
90%
you're
90%
around
80%
as
80%
baby
80%
car
80%
'cause
80%
could
80%
didn't
80%
don't
80%
door
80%
down
80%
first
80%
front
80%
got
80%
hair
80%
heart
80%
her
80%
he's
80%
his
80%
how
80%
it's
80%
I've
80%
just
80%
look
80%
man
80%
nothing
80%
of
80%
oh
80%
our
80%
said
80%
says
80%
seat
80%
something
80%
song
80%
thinking
80%
way
80%
we're
80%
when
80%
window
80%
wrong
80%
all
70%
asking
70%
been
70%
every
70%
everything
70%
'fore
70%
god
70%
gone
70%
home
70%
late
70%
laugh
70%
mama
70%
other
70%
out
70%
phone
70%
radio
70%
real
70%
riding
70%
screen
70%
shotgun
70%
slamming
70%
slow
70%
sneaking
70%
steering
70%
talk
70%
that
70%
turn
70%
undone
70%
well
70%
wheel
70%
after
60%
again
60%
almost
60%
amen
60%
bed
60%
come
60%
date
60%
good
60%
him
60%
kiss
60%
laughs
60%
listened
60%
note
60%
play
60%
talks
60%
tapping
60%
up
60%
waiting
60%
yeah
60%
album
50%
along
50%
away
50%
grabbed
50%
hallway
50%
heard
50%
lost
50%
loving
50%
notice
50%
one-hand
50%
pen
50%
porch
50%
roses
50%
trampled
50%
walking
50%
wrote
50%
feel
40%
napkin
40%
old
40%
thrown
40%
or
30%
steps
30%
No matching quizzes found
Score Distribution
Percent of People with Each Score
Percentile by Number Answered
Your Score History
You have not taken this quiz